Statistics for Самые густонаселенные страны в 2050 году

Click here to take the quiz!

General Stats

  • This quiz has been taken 626 times
  • The average score is 13 of 21

Answer Stats

НаселениеСтрана% Correct
1325 млн.Китай
99%
1668 млн.Индия
97%
133 млн.Россия
96%
378 млн.Соединённые Штаты Америки
95%
231 млн.Бразилия
86%
104 млн.Япония
78%
204 млн.Бангладеш
73%
144 млн.Мексика
72%
317 млн.Индонезия
71%
375 млн.Нигерия
70%
366 млн.Пакистан
65%
160 млн.Египет
61%
95.7 млн.Турция
60%
98.9 млн.Иран
58%
215 млн.Демократическая Республика Конго
47%
107 млн.Вьетнам
38%
213 млн.Эфиопия
36%
157 млн.Филиппины
32%
84.7 млн.Кения
22%
129 млн.Танзания
20%
86.9 млн.Уганда
13%

Score Distribution

Percentile by Number Answered

Percent of People with Each Score

Your Score History

You have not taken this quiz